000 01262nas a22003491i#4500
001 182840
003 ES-MaACL
005 20250730063155.0
008 131112d19341935sp a| | 1 ||pa d
022 _a2793-6880
040 _cES-MaACL
080 _a02
080 _a069
080 _a930.25
245 0 0 _aAnuario del Cuerpo Facultativo de Archiveros, Bibliotecarios y Arqueólogos.
260 _aMadrid :
_bCuerpo Facultativo de Archiveros, Bibliotecarios y Arqueólogos,
_c1934-1935
300 _a3 volúmenes ;
_c25 cm
310 _aAnual
362 0 _a1934-1935.
530 _aDisponible en formato digital
610 2 4 _aCuerpo Facultativo de Archiveros, Bibliotecarios y Arqueólogos
_93354
650 7 _aBiblioteconomía
_2embne
_910554
655 7 _aAnuarios
_9226822
710 2 _aCuerpo Facultativo de Archiveros, Bibliotecarios y Arqueólogos
_eisb
_93354
780 0 0 _tAnuario del Cuerpo Facultativo de Archiveros, Bibliotecarios y Anticuarios
852 4 _aES-MaACL
_cSPAL
_jC-4727-29
856 _uhttps://hemerotecadigital.bne.es/hd/issn/1136-4610
_yVersión en línea
_z(Hemeroteca Digital)
866 0 _o1934-1935
942 _2udc
_cPERIODICA
_n0
999 _c182840
_d182840
955 _bPilar Fernández Vera